000 00530nam a2200169Ia 4500
999 _c20879
_d20879
003 OSt
005 20200603102718.0
008 190216s9999||||xx |||||||||||||| ||und||
020 _a9780195653021
040 _coclc
082 _a322.4209541409041
_bHEE/N
100 _aHeehs, Peter
_92500
245 0 _aNationalism,Terrorism,Communalism /
_cPeter Heehs
260 _bOxford University Press,
_c2000.
_aNew Delhi:
300 _a174p
942 _cBK
_2ddc
_h322.4209541409041
_iHEE/N
_k322.4209541409041
_mHEE/N